000 00562nam a2200229Ia 4500
005 20250115014148.0
008 240331s9999 xx 000 0 und d
020 _a0415062527
082 _bDIA
_23629
_a305.3
245 0 _aGendered Fields:
_bWomen, Men & Ethnography
260 _aLondon
_aNew York
_bRoutledge
_c1993
300 _axiv, 260 p.,
650 _aGender
650 _aEthnography
650 _aMen
650 _aWomen
650 _aFeminism
700 _aBell, D
_eedt
700 _aCaplan, P
_eedt
700 _aKarim, W. J
_eedt
942 _cL
999 _c1586
_d1586